Renegades write the rules : How the Digital Royalty use social media to innovate
Martin is the founder of Digital Royalty. In this book she shows how to build a faithful following and beat the competition clamoring for people's attention by continually delivering value-- when, where, and how people want it. People want to be heard, to be involved, to be entertained, to be a...
Tallennettuna:
| Päätekijä: | |
|---|---|
| Aineistotyyppi: | Kirja |
| Kieli: | Undetermined |
| Julkaistu: |
San Francisco, CA
Jossey-Bass
2012
|
| Aiheet: | |
| Tagit: |
Lisää tagi
Ei tageja, Lisää ensimmäinen tagi!
|
| Thư viện lưu trữ: | Trung tâm Học liệu Trường Đại học Cần Thơ |
|---|
| LEADER | 01122nam a2200229Ia 4500 | ||
|---|---|---|---|
| 001 | CTU_206969 | ||
| 008 | 210402s9999 xx 000 0 und d | ||
| 020 | |c 23.21 | ||
| 082 | |a 659.20285 | ||
| 082 | |b M379 | ||
| 100 | |a Martin, Amy Jo | ||
| 245 | 0 | |a Renegades write the rules : | |
| 245 | 0 | |b How the Digital Royalty use social media to innovate | |
| 245 | 0 | |c Amy Jo Martin | |
| 260 | |a San Francisco, CA | ||
| 260 | |b Jossey-Bass | ||
| 260 | |c 2012 | ||
| 520 | |a Martin is the founder of Digital Royalty. In this book she shows how to build a faithful following and beat the competition clamoring for people's attention by continually delivering value-- when, where, and how people want it. People want to be heard, to be involved, to be entertained, to be adventurous, to be informed. Humans connect with humans, not logos and creative taglines. | ||
| 650 | |a Digital communications,Truyền thông kỹ thuật số,Digital Royalty (Firm),Digital Royalty (Công ty) | ||
| 650 | |x Social aspects,Khía cạnh xã hội | ||
| 904 | |i Hải | ||
| 980 | |a Trung tâm Học liệu Trường Đại học Cần Thơ | ||